000 00316nam a22001337a 4500
008 171003b xxu||||| |||| 00| 0 eng d
020 _a9781557989925
041 _aeng
080 _23 ED
_a159.9
100 _a48
101 _aPAI
245 _aLIBRAARY USE HANDBOOK FOR PSYCHOLOGY
_cREED.J.G
942 _2udc
_cBK
999 _c31446
_d31446